Safe /

Guardado en:
Detalles Bibliográficos
Otros Autores: Moore, Julianne, Haynes, Todd
Formato: Deslizar
Lenguaje:italiano
Publicado: Milano : Deltavideo, 1996
Etiquetas: Agregar Etiqueta
Sin Etiquetas, Sea el primero en etiquetar este registro!

MARC

LEADER 00000ngm a22000007i 4500
001 IT\ICCU\UBO\3368710
003 ItRI
005 20260124182853.0
008 080207s1996 it |||||||||||||||k|||||c
028 4 2 |a CD02472 
040 |b ita 
041 7 |a ita  |2 ISO-639-2 
130 0 |a Safe <film ; 1995>  |3 IT\ICCU\UBO\3368721 
245 0 0 |a Safe /  |c scritto e diretto da Todd Haynes. 
260 |a Milano :  |b Deltavideo,  |c 1996 
300 |a 1 videocassetta (ca. 121 min.) :  |b color., son 
500 |a Tit. del contenitore 
500 |a Film del 1995, prod. USA ; interpreti: Julianne Moore. 
700 1 |a Moore, Julianne  |0 IT\ICCU\RAVV\222126 
700 1 |a Haynes, Todd  |0 IT\ICCU\UBOV\490835 
942 |2 ddc  |c VM  |n 0 
952 |0 0  |1 0  |4 0  |6 VO_393_000000000000000  |7 0  |9 27313  |a BO  |b BO  |d 2026-01-24  |i 6974  |l 0  |o VO 393  |p BO6974  |r 2026-01-24 18:28:53  |w 2026-01-24  |x [Sebina 5] [1 videocassetta]  |y VM  |z 1 videocassetta 
999 |c 23128  |d 23128